| Поле | Инд. | ПП | Название | Значение |
|---|---|---|---|---|
| Тип записи | a | |||
| Библиографический уровень | b | |||
| 001 | Контрольный номер | 184510f9102c44c0a3cc87f78b0bf2ab | ||
| 005 | Дата корректировки | 20200630193238.6 | ||
| 008 | Кодируемые данные | 20170331 | ||
| 040 | b | Код языка каталог. | rus | |
| e | Правила каталог. | PSBO | ||
| 041 | 0_ | a | Код языка текста | rus |
| 084 | a | Индекс другой классификации/Индекс ББК | 67.401.133.12(2Рос) | |
| 100 | 1_ | a | Автор | Бондарь И. В. |
| 245 | 10 | a | Заглавие | К вопросу о принципе законности и проблемах его реализации в административной деятельности полиции |
| 650 | 14 | a | Основная рубрика | право; административное право |
| 653 | 0_ | a | Ключевые слова | административная деятельность |
| a | Ключевые слова | деятельность полиции | ||
| a | Ключевые слова | законность | ||
| a | Ключевые слова | охрана общественного порядка | ||
| a | Ключевые слова | полиция | ||
| a | Ключевые слова | принципы законности | ||
| a | Ключевые слова | Россия | ||
| 773 | 08 | t | Заглавие источника | Российская юстиция |
| d | Дата издания источника | 2020 | ||
| g | Прочая информация | № 2. - С. 9 - 13 | ||
| w | Контрольный № источника | bd79b8de93a941129b7f256c84795769 | ||
| 901 | t | Тип документа | b |